000 00359nam a2200121Ia 4500
008 220214s9999 xx 000 0 und d
245 0 _aTea Board, Administration Report
260 _bTea Board
_aCalcutta
500 _aEnding Volume & Year: 1976,
500 _aMissing Volume: 1954-1962;1964;1972-1973
500 _aStarting Volume & Year: 1953,
942 _cBJ
999 _c5320
_d5320